000 00611nam a2200241Ia 4500
001 49397
005 20240114003949.0
007 ta
008 090526s1955 g b000 u 465 u
040 _aCotton College,Assam
041 _a465
082 _a915.3
_bM 585 L
100 _aMielche, Hakon .
245 0 _aLands of Aladdin /
_cHakon Mielche.
_hTextual Documents
250 _a1st ed /
260 _aLondon :
_bWilliam Hodge & Co. ,
_c1955.
300 _a241p ;
_c23 cm.
653 _aGeography
653 _aT/G-Geography
942 _2ddc
_cBK
999 _c49362
_d49362